000 00416nam a2200145Ia 4500
008 230917s9999||||xx |||||||||||||| ||und||
040 _e5004167
_aMAIN
041 _aEnglish
082 _a372.24 S58E
100 _aSonia
245 0 _aEffect of cooperative learning on scholastic achievement, academic stress and emotional competence of high school student
260 _c2019
300 _axiv, 194 p.
942 _cBK
999 _c9413
_d9413